[Event "World Youth U-16 Olympiad 2018"]
[Site "Konya"]
[Date "2018.11.27"]
[Round "4"]
[White "Marn, Jan"]
[Black "Parkhov, Yair"]
[Result "0-1"]
[WhiteElo "2125"]
[BlackElo "2330"]
[Annotator "NA"]
[PlyCount "118"]
[EventDate "2018.11.25"]
[EventType "team-tourn"]
[EventCountry "TUR"]
[SourceTitle "playchess.com"]
[Source "ChessBase"]
[SourceQuality "1"]
[WhiteTeam "Slovenia"]
[BlackTeam "Israel"]
[WhiteTeamCountry "SLO"]
[BlackTeamCountry "ISR"]

1. d4 d5 2. c4 e6 3. Nc3 c6 4. e3 Nf6 5. Nf3 Nbd7 6. Qc2 Bd6 7. b3 O-O 8. Be2 b6 9. O-O Bb7 10. Bb2 Qe7 11. Rfe1 Rfe8 12. Bf1 Ba3 13. Rad1 Rac8 14. Bxa3 Qxa3 15. e4 dxe4 16. Nd2 Qe7 17. Ndxe4 Nxe4 18. Nxe4 c5 19. dxc5 Bxe4 20. Rxe4 bxc5 21. g3 Red8 22. Bg2 Nf6 23. Rxd8+ Rxd8 24. Re3 Rd4 25. Rd3 Qd8 26. Bf1 Rxd3 27. Bxd3 Qd4 28. Kg2 g6 29. f3 Kg7 30. Be4 a5 31. Bd3 Nd7 32. Be2 Ne5 33. f4 Nc6 34. a3 Qe3 35. Qd3 Qxd3 36. Bxd3 Nd4 37. b4 axb4 38. axb4 cxb4 39. Kf2 Nb3 40. Ke3 Kf6 41. Bc2 Na5 42. Kd4 Ke7 43. Kc5 b3 44. Bb1 b2 45. Kb4 Nc6+ 46. Kc3 Kd6 47. Kxb2 Kc5 48. Kc3 Na5 49. Bd3 Nb7 50. Be4 Nd6 51. Bd3 h6 52. h3 h5 53. h4 Nf5 54. Bxf5 gxf5 55. Kd3 f6 56. Kc3 e5 57. Kd3 Kb4 58. c5 Kxc5 59. Kc3 e4 0-1

[Event "World Youth U-16 Olympiad 2018"]
[Site "Konya"]
[Date "2018.11.27"]
[Round "4"]
[White "Santos, Jose Guilherme B Li"]
[Black "Davtyan, Artur"]
[Result "0-1"]
[WhiteElo "2113"]
[BlackElo "2374"]
[Annotator "NA"]
[PlyCount "69"]
[EventDate "2018.11.25"]
[EventType "team-tourn"]
[EventCountry "TUR"]
[SourceTitle "playchess.com"]
[Source "ChessBase"]
[SourceQuality "1"]
[WhiteTeam "Portugal"]
[BlackTeam "Armenia"]
[WhiteTeamCountry "POR"]
[BlackTeamCountry "ARM"]

1. e4 e5 2. Nf3 Nc6 3. Bb5 a6 4. Ba4 Nf6 5. d3 Bc5 6. c3 b5 7. Bb3 d6 8. h3 O-O 9. O-O Bb6 10. a4 Bd7 11. axb5 axb5 12. Rxa8 Qxa8 13. Bg5 Qd8 14. Na3 Na5 15. Ba2 h6 16. Bd2 Qe7 17. Qb1 Nh5 18. Qd1 Nf6 19. Qe2 Ra8 20. Be3 Bxe3 21. Qxe3 c5 22. Nc2 Nc4 23. Bxc4 bxc4 24. Na3 cxd3 25. Qxd3 Bc6 26. Re1 Qb7 27. Nd2 Rd8 28. Nac4 Qc7 29. Qe3 Nh5 30. Ra1 Nf4 31. Kh2 d5 32. exd5 Rxd5 33. g3 Rd3 34. Qxc5 Qd7 35. Qxc6 0-1

[Event "World Youth U-16 Olympiad 2018"]
[Site "Konya"]
[Date "2018.11.27"]
[Round "4"]
[White "Liyanage, Ranindu Dilshan"]
[Black "Shpanko, Nadiia"]
[Result "0-1"]
[WhiteElo "2100"]
[BlackElo "2262"]
[Annotator "ChessBase"]
[PlyCount "68"]
[EventDate "2018.11.25"]
[EventType "team-tourn"]
[EventCountry "TUR"]
[SourceTitle "playchess.com"]
[Source "ChessBase"]
[SourceQuality "1"]
[WhiteTeam "Sri Lanka"]
[BlackTeam "Ukraine"]
[WhiteTeamCountry "SRI"]
[BlackTeamCountry "UKR"]

1. e4 c5 2. Nc3 d6 3. Nf3 Nf6 4. d4 cxd4 5. Nxd4 a6 6. h4 e5 7. Nb3 Be7 8. Bg5 Nbd7 9. Bc4 Nb6 10. Bxf6 Bxf6 11. Bd5 Nxd5 12. Nxd5 Bxh4 13. Rxh4 Qxh4 14. Nc7+ Ke7 15. Nxa8 Qh1+ 16. Kd2 Qxg2 17. Ke3 f5 18. exf5 Bxf5 19. Nb6 Qe4+ 20. Kd2 Qb4+ 21. c3 Qxb6 22. Qg1 Kf6 23. Qg3 h5 24. Rg1 g6 25. Kc1 h4 26. Qg5+ Kf7 27. Qd2 h3 28. Qd5+ Kf6 29. Nd2 Qc6 30. Qxc6 bxc6 31. Kd1 e4 32. Ke2 d5 33. Nf1 Ke5 34. Ke3 c5 0-1

[Event "World Youth U-16 Olympiad 2018"]
[Site "Konya"]
[Date "2018.11.27"]
[Round "4"]
[White "Navaratnam, Rohan Shan Tze"]
[Black "Brahami, Lamine"]
[Result "1-0"]
[WhiteElo "2097"]
[BlackElo "1996"]
[Annotator "NA"]
[PlyCount "98"]
[EventDate "2018.11.25"]
[EventType "team-tourn"]
[EventCountry "TUR"]
[SourceTitle "playchess.com"]
[Source "ChessBase"]
[SourceQuality "1"]
[WhiteTeam "Malaysia"]
[BlackTeam "Algeria"]
[WhiteTeamCountry "MAS"]
[BlackTeamCountry "ALG"]

1. e4 c5 2. Nf3 d6 3. Bb5+ Bd7 4. Bxd7+ Qxd7 5. c4 g6 6. Nc3 Bg7 7. d4 cxd4 8. Nxd4 Nf6 9. f3 O-O 10. Be3 Nc6 11. O-O Rad8 12. Rc1 Ne8 13. b3 Nc7 14. Nxc6 bxc6 15. Bxa7 Ne6 16. Be3 Ra8 17. Na4 Qc7 18. Rf2 f5 19. exf5 Rxf5 20. Qd2 Raf8 21. f4 h5 22. Nc3 Qb7 23. Ne2 R5f7 24. Rcf1 d5 25. cxd5 cxd5 26. Qd3 d4 27. Bc1 Qd5 28. Qxg6 Rf6 29. Qd3 Rf5 30. Ng3 R5f7 31. Qf3 Qxf3 32. Rxf3 h4 33. Ne4 Rf5 34. a4 Rc8 35. g4 hxg3 36. hxg3 Rc2 37. Ba3 Re2 38. Nf2 Nc5 39. Rc1 Nd7 40. Kf1 Ra2 41. g4 Rf7 42. Rc8+ Bf8 43. Bc1 e5 44. Ne4 Rh7 45. Kg1 Rg7 46. g5 Re2 47. Ng3 Re1+ 48. Kf2 e4 49. Kxe1 exf3 1-0

[Event "World Youth U-16 Olympiad 2018"]
[Site "Konya"]
[Date "2018.11.27"]
[Round "4"]
[White "Li, William"]
[Black "Subelj, Jan"]
[Result "0-1"]
[WhiteElo "2077"]
[BlackElo "2281"]
[Annotator "NA"]
[PlyCount "114"]
[EventDate "2018.11.25"]
[EventType "team-tourn"]
[EventCountry "TUR"]
[SourceTitle "playchess.com"]
[Source "ChessBase"]
[SourceQuality "1"]
[WhiteTeam "Canada"]
[BlackTeam "Slovenia"]
[WhiteTeamCountry "CAN"]
[BlackTeamCountry "SLO"]

1. d4 Nf6 2. c4 e6 3. Nf3 d5 4. cxd5 exd5 5. Nc3 c6 6. Bg5 h6 7. Bh4 Be7 8. e3 Bf5 9. Bd3 Bxd3 10. Qxd3 O-O 11. Bg3 a5 12. O-O a4 13. a3 Nbd7 14. Ne5 Nxe5 15. Bxe5 Nd7 16. Bg3 Nb6 17. Rab1 Bd6 18. Bxd6 Qxd6 19. f3 f5 20. Rfe1 f4 21. e4 Qg6 22. Red1 dxe4 23. Qxe4 Qxe4 24. fxe4 Nc4 25. Nxa4 Ne3 26. Nb6 Ra6 27. Nd7 Rd8 28. Nc5 Nxd1 29. Nxa6 Rxd4 30. Nc5 Ne3 31. g3 fxg3 32. hxg3 b6 33. Re1 Nc4 34. Na6 Nd2 35. Kf2 Nxe4+ 36. Ke3 Rd6 37. Rg1 Nd2 38. Rc1 b5 39. Rc2 Nf1+ 40. Kf2 Rf6+ 41. Kg1 Nxg3 42. Nb4 Rd6 43. Rxc6 Rd2 44. Rc2 Rd1+ 45. Kg2 Nf5 46. Rc5 Rd2+ 47. Kh3 Nd6 48. Rd5 Rxd5 49. Nxd5 Kf7 50. b3 Ke6 51. Ne3 Ke5 52. a4 Kd4 53. Ng4 b4 54. a5 Nb5 55. Kh4 Kc3 56. Ne5 Kxb3 57. Nc6 Kc3 0-1

[Event "World Youth U-16 Olympiad 2018"]
[Site "Konya"]
[Date "2018.11.27"]
[Round "4"]
[White "Easwaralingam, Adesh"]
[Black "Golsta, Madara"]
[Result "0-1"]
[WhiteElo "2075"]
[BlackElo "1938"]
[Annotator "NA"]
[PlyCount "90"]
[EventDate "2018.11.25"]
[EventType "team-tourn"]
[EventCountry "TUR"]
[SourceTitle "playchess.com"]
[Source "ChessBase"]
[SourceQuality "1"]
[WhiteTeam "Denmark"]
[BlackTeam "Latvia"]
[WhiteTeamCountry "DEN"]
[BlackTeamCountry "LAT"]

1. e4 c5 2. Nf3 g6 3. d4 cxd4 4. Qxd4 Nf6 5. Nc3 Nc6 6. Qa4 d6 7. e5 dxe5 8. Nxe5 Bd7 9. Nxd7 Qxd7 10. Be3 Bg7 11. Rd1 Qc8 12. Be2 O-O 13. O-O Rd8 14. Rxd8+ Qxd8 15. Rd1 Qa5 16. Bf3 Qxa4 17. Nxa4 Kf8 18. Nc5 e5 19. Bg5 Re8 20. Bxc6 bxc6 21. Rd6 Nd5 22. Nd7+ Kg8 23. Rxc6 h6 24. Bd2 Rd8 25. Rd6 Nb6 26. Nxb6 Rxd6 27. Nc4 Rd4 28. b3 h5 29. Kf1 f5 30. Be3 Rd1+ 31. Ke2 Ra1 32. a3 a6 33. Bc5 Rc1 34. Kd2 Rh1 35. h3 Rh2 36. g3 Rxh3 37. Na5 Bf8 38. Nb7 f4 39. gxf4 exf4 40. Bxf8 Kxf8 41. Nc5 Rf3 42. Ne4 g5 43. Nxg5 Rxf2+ 44. Kd3 h4 45. b4 h3 0-1

[Event "World Youth U-16 Olympiad 2018"]
[Site "Konya"]
[Date "2018.11.27"]
[Round "4"]
[White "Urh, Zala"]
[Black "Cui, Leonardo"]
[Result "0-1"]
[WhiteElo "2066"]
[BlackElo "1569"]
[Annotator "NA"]
[PlyCount "56"]
[EventDate "2018.11.25"]
[EventType "team-tourn"]
[EventCountry "TUR"]
[SourceTitle "playchess.com"]
[Source "ChessBase"]
[SourceQuality "1"]
[WhiteTeam "Slovenia"]
[BlackTeam "Canada"]
[WhiteTeamCountry "SLO"]
[BlackTeamCountry "CAN"]

1. d4 d6 2. Nf3 Nf6 3. c4 Nbd7 4. Nc3 e5 5. e4 Be7 6. Be2 O-O 7. O-O c6 8. a3 a6 9. b4 b5 10. Bb2 Bb7 11. Qc2 Qc7 12. Rfd1 Rfd8 13. Rac1 Rac8 14. Qb1 Qb8 15. Rd2 bxc4 16. dxe5 Nxe5 17. Nxe5 dxe5 18. Rxd8+ Bxd8 19. Bxc4 c5 20. Qa2 Qc7 21. Nd5 Qd7 22. Nxf6+ Bxf6 23. bxc5 Bxe4 24. Bxa6 Rb8 25. f3 Qd2 26. Bf1 Rxb2 27. Qc4 Bxf3 28. Qa6 Qf2+ 0-1

[Event "World Youth U-16 Olympiad 2018"]
[Site "Konya"]
[Date "2018.11.27"]
[Round "4"]
[White "Golubovskis, Maksims"]
[Black "Kistrup, Nicolai"]
[Result "1/2-1/2"]
[WhiteElo "2049"]
[BlackElo "2092"]
[Annotator "NA"]
[PlyCount "122"]
[EventDate "2018.11.25"]
[EventType "team-tourn"]
[EventCountry "TUR"]
[SourceTitle "playchess.com"]
[Source "ChessBase"]
[SourceQuality "1"]
[WhiteTeam "Latvia"]
[BlackTeam "Denmark"]
[WhiteTeamCountry "LAT"]
[BlackTeamCountry "DEN"]

1. Nf3 c5 2. e4 e6 3. d4 cxd4 4. Nxd4 Nc6 5. Nc3 Qc7 6. Be3 a6 7. Be2 Nf6 8. O-O Be7 9. Kh1 O-O 10. f4 d6 11. Nb3 b5 12. Bf3 Bb7 13. Qe1 Rac8 14. Qf2 Nd7 15. Rfd1 Na5 16. Nxa5 Qxa5 17. a3 Qc7 18. Rd2 Bf6 19. Rad1 Bxc3 20. bxc3 Nf6 21. Rxd6 Nxe4 22. Bxe4 Bxe4 23. R6d4 Bg6 24. Bd2 Bxc2 25. Rc1 Bg6 26. a4 Rfd8 27. Rxd8+ Rxd8 28. axb5 Qd7 29. Be3 Qxb5 30. h3 Qc4 31. Ra1 h6 32. Bd4 Rb8 33. Kh2 Rb3 34. Ra5 Rb1 35. Rc5 Qf1 36. Rc8+ Kh7 37. Qh4 Qh1+ 38. Kg3 e5 39. fxe5 Qe1+ 40. Bf2 Qxe5+ 41. Qf4 Qxf4+ 42. Kxf4 a5 43. Ra8 Ra1 44. Bd4 a4 45. c4 Rd1 46. Ke5 Bc2 47. Be3 f6+ 48. Kf4 Rd3 49. c5 Rc3 50. Kf3 f5 51. Ke2 Rc4 52. g3 Be4 53. Ra7 Rc2+ 54. Kd1 Rc4 55. Kd2 Rc2+ 56. Kd1 Rc4 57. Kd2 Rc2+ 58. Kd1 Rc4 59. h4 Rc3 60. Kd2 Rc2+ 61. Kd1 Rc3 1/2-1/2

[Event "World Youth U-16 Olympiad 2018"]
[Site "Konya"]
[Date "2018.11.27"]
[Round "4"]
[White "Kreutzmann, Duke"]
[Black "Spyropoulos, Nikolaos"]
[Result "0-1"]
[WhiteElo "2049"]
[BlackElo "2378"]
[Annotator "NA"]
[PlyCount "86"]
[EventDate "2018.11.25"]
[EventType "team-tourn"]
[EventCountry "TUR"]
[SourceTitle "playchess.com"]
[Source "ChessBase"]
[SourceQuality "1"]
[WhiteTeam "Switzerland"]
[BlackTeam "Greece"]
[WhiteTeamCountry "SUI"]
[BlackTeamCountry "GRE"]

1. d4 Nf6 2. Nf3 d5 3. c4 e6 4. g3 Bb4+ 5. Bd2 Bd6 6. Nc3 O-O 7. Bg5 c6 8. Bg2 Nbd7 9. e4 dxe4 10. Nxe4 Bb4+ 11. Nc3 h6 12. Bf4 c5 13. O-O cxd4 14. Nb5 a6 15. Nbxd4 Re8 16. Nc2 Ba5 17. b4 Bc7 18. Bxc7 Qxc7 19. c5 Nd5 20. Re1 N7f6 21. Ne5 Rd8 22. Qe2 Bd7 23. Nxd7 Rxd7 24. a3 Rad8 25. Ne3 Nc3 26. Qc2 Nb5 27. Nc4 Rd3 28. Re3 R3d4 29. a4 Na7 30. Rb1 Nc8 31. Na5 Nd5 32. Bxd5 R8xd5 33. Nb3 Rxb4 34. Re4 Rxe4 35. Qxe4 Ne7 36. Rc1 Nc6 37. Qe3 Qd7 38. Rc3 Ne5 39. f3 Qxa4 40. f4 Qa2 41. Qe1 Ng4 42. h3 Qh2+ 43. Kf1 Qh1+ 0-1

[Event "World Youth U-16 Olympiad 2018"]
[Site "Konya"]
[Date "2018.11.27"]
[Round "4"]
[White "Coman, Mihnea-George"]
[Black "Kayan, Yasar Efe"]
[Result "1/2-1/2"]
[WhiteElo "2042"]
[BlackElo "1515"]
[Annotator "NA"]
[PlyCount "135"]
[EventDate "2018.11.25"]
[EventType "team-tourn"]
[EventCountry "TUR"]
[SourceTitle "playchess.com"]
[Source "ChessBase"]
[SourceQuality "1"]
[WhiteTeam "Romania"]
[BlackTeam "Turkey"]
[WhiteTeamCountry "ROU"]
[BlackTeamCountry "TUR"]

1. e4 c5 2. Nf3 Nc6 3. d4 cxd4 4. Nxd4 e6 5. Nc3 Nf6 6. Be2 Bb4 7. Nxc6 bxc6 8. e5 Nd5 9. Bd2 Bxc3 10. bxc3 Qa5 11. O-O Nxc3 12. Qe1 Nxe2+ 13. Qxe2 Qa4 14. c4 Ba6 15. Rfc1 O-O 16. Qg4 Kh8 17. Rc3 Rab8 18. Rg3 Rg8 19. h3 Qxc4 20. Qf3 Qe2 21. Qf4 Rbf8 22. Bb4 Rc8 23. Be7 Qh5 24. Rg5 Qh6 25. Qxf7 Rcf8 26. Bxf8 Qxg5 27. Bd6 Bc4 28. Kh2 Bd5 29. g3 Qf5 30. Qxf5 exf5 31. a3 Rc8 32. Rc1 Kg8 33. Rc5 Kf7 34. f4 Ra8 35. Ra5 Ke6 36. g4 g6 37. Ra6 Bc4 38. Ra4 Kd5 39. Ra5+ Ke4 40. Ra4 Kd3 41. Rb4 a5 42. Rb7 Be6 43. Kg3 Kd4 44. Rb1 a4 45. Rb4+ Kc3 46. g5 Ra5 47. Rb8 c5 48. h4 Kd3 49. h5 gxh5 50. Rh8 Rb5 51. Rc8 c4 52. Bb4 Rxb4 53. axb4 Bd5 54. Rc5 Be4 55. Rc7 c3 56. Rxd7+ Kc4 57. Rc7+ Kxb4 58. e6 Bd5 59. e7 Bf7 60. Rb7+ Ka3 61. Rb8 c2 62. Rc8 Kb2 63. Rb8+ Kc1 64. Rf8 Bg6 65. Rg8 Kd2 66. Rxg6 hxg6 67. e8=Q c1=Q 68. Qd7+ 1/2-1/2

[Event "World Youth U-16 Olympiad 2018"]
[Site "Konya"]
[Date "2018.11.27"]
[Round "4"]
[White "Adiguzel, Ufuk Alp"]
[Black "Csiki, Endre"]
[Result "1/2-1/2"]
[WhiteElo "2019"]
[BlackElo "2282"]
[Annotator "NA"]
[PlyCount "90"]
[EventDate "2018.11.25"]
[EventType "team-tourn"]
[EventCountry "TUR"]
[SourceTitle "playchess.com"]
[Source "ChessBase"]
[SourceQuality "1"]
[WhiteTeam "Turkey"]
[BlackTeam "Hungary"]
[WhiteTeamCountry "TUR"]
[BlackTeamCountry "HUN"]

1. e4 e6 2. d3 c5 3. Nf3 Nc6 4. g3 g6 5. Bg2 Bg7 6. O-O Nge7 7. c3 O-O 8. Be3 b6 9. d4 d5 10. e5 Nf5 11. Bg5 f6 12. Bf4 cxd4 13. cxd4 fxe5 14. dxe5 h6 15. h4 Qe8 16. Qd2 Kh7 17. Nc3 Ba6 18. Rfe1 Rc8 19. Rac1 Qe7 20. Bf1 Bxf1 21. Kxf1 Na5 22. b3 Nb7 23. Kg2 Qf7 24. b4 a6 25. Ne2 b5 26. Rxc8 Rxc8 27. Rc1 Rc4 28. Rxc4 bxc4 29. g4 Ne7 30. Qd4 Nc8 31. Ng3 Qe7 32. h5 g5 33. Bd2 Nd8 34. Qc3 Nc6 35. a4 Kg8 36. b5 axb5 37. axb5 Nd8 38. Qa5 d4 39. Nxd4 Qb7+ 40. Nf3 Nf7 41. Qa6 Qxa6 42. bxa6 Nxe5 43. Be3 Nxg4 44. Bc5 c3 45. Ne1 Be5 1/2-1/2

[Event "World Youth U-16 Olympiad 2018"]
[Site "Konya"]
[Date "2018.11.27"]
[Round "4"]
[White "Malicka, Maria"]
[Black "Tadic, Stefan"]
[Result "0-1"]
[WhiteElo "2013"]
[BlackElo "2295"]
[Annotator "NA"]
[PlyCount "62"]
[EventDate "2018.11.25"]
[EventType "team-tourn"]
[EventCountry "TUR"]
[SourceTitle "playchess.com"]
[Source "ChessBase"]
[SourceQuality "1"]
[WhiteTeam "Poland"]
[BlackTeam "Serbia"]
[WhiteTeamCountry "POL"]
[BlackTeamCountry "SRB"]

1. e4 c5 2. Nf3 Nf6 3. Nc3 d5 4. exd5 Nxd5 5. Bb5+ Bd7 6. Ne5 Nf6 7. Qf3 Qc8 8. d3 e6 9. Bh6 a6 10. Ne4 Qd8 11. Bxd7+ Nbxd7 12. Nxd7 Nxd7 13. Bf4 Qb6 14. O-O Be7 15. Qg3 Kf8 16. Bd2 Nf6 17. Bc3 h5 18. Qg5 Ne8 19. Qf4 Rh6 20. Nd2 Bd6 21. Be5 Bxe5 22. Qxe5 Rd8 23. Nc4 Qc6 24. Rae1 b5 25. Ne3 f6 26. Qe4 Qb6 27. f4 c4 28. Kh1 Rd4 29. Qa8 Rxd3 30. Nf5 Rd8 31. Qxd8 Qxd8 0-1

[Event "World Youth U-16 Olympiad 2018"]
[Site "Konya"]
[Date "2018.11.27"]
[Round "4"]
[White "Kocyigit, Buse Naz"]
[Black "Ferkova, Dominika"]
[Result "1-0"]
[WhiteElo "2005"]
[BlackElo "2086"]
[Annotator "NA"]
[PlyCount "95"]
[EventDate "2018.11.25"]
[EventType "team-tourn"]
[EventCountry "TUR"]
[SourceTitle "playchess.com"]
[Source "ChessBase"]
[SourceQuality "1"]
[WhiteTeam "Turkey"]
[BlackTeam "Slovakia"]
[WhiteTeamCountry "TUR"]
[BlackTeamCountry "SVK"]

1. e4 c6 2. d4 d5 3. Nc3 dxe4 4. Nxe4 Bf5 5. Ng3 Bg6 6. h4 h6 7. Nf3 Nd7 8. h5 Bh7 9. Bd3 Bxd3 10. Qxd3 e6 11. Bd2 Be7 12. O-O-O Ngf6 13. Qe2 Qc7 14. Kb1 O-O 15. Nf1 c5 16. g4 cxd4 17. g5 Rac8 18. Nxd4 hxg5 19. Bxg5 Qc4 20. Qf3 Qc5 21. Qg2 Kh7 22. Ne3 Nb6 23. Bxf6 Bxf6 24. Qe4+ Kh8 25. h6 g6 26. Ng4 Bxd4 27. Qxd4+ Qxd4 28. Rxd4 Rcd8 29. Rxd8 Rxd8 30. Ne5 Rf8 31. h7 Nd5 32. Nd7 Rc8 33. Rh4 Kg7 34. c4 Ne7 35. b4 Nf5 36. h8=Q+ Rxh8 37. Rxh8 Kxh8 38. Kc2 Kg7 39. Kd3 Nd6 40. c5 Nb5 41. a4 Nc7 42. b5 Nd5 43. a5 a6 44. c6 bxc6 45. b6 c5 46. b7 Nb4+ 47. Kc4 Nc6 48. Kxc5 1-0

[Event "World Youth U-16 Olympiad 2018"]
[Site "Konya"]
[Date "2018.11.27"]
[Round "4"]
[White "Pipia, Ekaterine"]
[Black "Ibrahimli, Murad"]
[Result "0-1"]
[WhiteElo "1995"]
[BlackElo "2379"]
[Annotator "NA"]
[PlyCount "52"]
[EventDate "2018.11.25"]
[EventType "team-tourn"]
[EventCountry "TUR"]
[SourceTitle "playchess.com"]
[Source "ChessBase"]
[SourceQuality "1"]
[WhiteTeam "Georgia"]
[BlackTeam "Azerbaijan"]
[WhiteTeamCountry "GEO"]
[BlackTeamCountry "AZE"]

1. d4 Nf6 2. c4 g6 3. Nc3 d5 4. Bg5 Ne4 5. Bh4 Nxc3 6. bxc3 dxc4 7. e3 Be6 8. Nf3 Bg7 9. Be2 Nd7 10. O-O Nb6 11. e4 O-O 12. Qc2 Qe8 13. Bg3 Rc8 14. Nd2 Qa4 15. Qb2 Rfd8 16. Rfd1 Qa5 17. Rac1 Na4 18. Qa3 b5 19. Nf3 Bg4 20. Ne5 Bxe2 21. Nc6 Qa6 22. Nxe7+ Kh8 23. Re1 Bd3 24. Nxc8 Rxc8 25. Be5 f6 26. Bf4 Bf8 0-1

[Event "World Youth U-16 Olympiad 2018"]
[Site "Konya"]
[Date "2018.11.27"]
[Round "4"]
[White "Hereklioglu, Sude"]
[Black "Orozbaev, Eldiar"]
[Result "0-1"]
[WhiteElo "1959"]
[BlackElo "1785"]
[Annotator "NA"]
[PlyCount "30"]
[EventDate "2018.11.25"]
[EventType "team-tourn"]
[EventCountry "TUR"]
[SourceTitle "playchess.com"]
[Source "ChessBase"]
[SourceQuality "1"]
[WhiteTeam "Turkey"]
[BlackTeam "Kyrgyzstan"]
[WhiteTeamCountry "TUR"]
[BlackTeamCountry "KGZ"]

1. e4 e6 2. Nf3 d5 3. e5 c5 4. g3 Nc6 5. Bg2 f6 6. exf6 Nxf6 7. O-O Bd6 8. d3 O-O 9. Nc3 a6 10. Ne2 e5 11. Bg5 h6 12. Bxf6 Qxf6 13. Nd2 Be6 14. c4 dxc4 15. dxc4 Qf7 0-1

[Event "World Youth U-16 Olympiad 2018"]
[Site "Konya"]
[Date "2018.11.27"]
[Round "4"]
[White "Johannsson, Birkir Isak"]
[Black "Laohawirapap, Prin"]
[Result "1/2-1/2"]
[WhiteElo "1949"]
[BlackElo "1750"]
[Annotator "NA"]
[PlyCount "132"]
[EventDate "2018.11.25"]
[EventType "team-tourn"]
[EventCountry "TUR"]
[SourceTitle "playchess.com"]
[Source "ChessBase"]
[SourceQuality "1"]
[WhiteTeam "Iceland"]
[BlackTeam "Thailand"]
[WhiteTeamCountry "ISL"]
[BlackTeamCountry "THA"]

1. d4 d5 2. c4 c6 3. Nf3 Nf6 4. e3 Bf5 5. Nc3 e6 6. Nh4 Be4 7. f3 Bg6 8. Qb3 Qc7 9. Bd2 Be7 10. Nxg6 hxg6 11. cxd5 cxd5 12. O-O-O Nc6 13. Kb1 a6 14. Rc1 Rb8 15. h3 O-O 16. Na4 Nd7 17. Qc2 Rfc8 18. h4 b5 19. Nc5 Nxc5 20. dxc5 Ne5 21. f4 Nc4 22. Bxc4 bxc4 23. h5 Bf6 24. Bc3 Qxc5 25. Bxf6 gxf6 26. hxg6 Rb7 27. Rh7 f5 28. Qc3 d4 29. exd4 Qb4 30. Qxb4 Rxb4 31. Rch1 Rc7 32. Kc2 Rcb7 33. gxf7+ Rxf7 34. Rxf7 Kxf7 35. Kc3 Rb8 36. Rh7+ Kf6 37. Rc7 Rg8 38. Rc6 Rg3+ 39. Kxc4 Rxg2 40. Rxa6 Rxb2 41. d5 Rf2 42. Rxe6+ Kf7 43. Ra6 Rxf4+ 44. Kc5 Rf1 45. d6 Rd1 46. Kc6 Ke6 47. Kc7 f4 48. Ra4 Rxd6 49. Rxf4 Rd2 50. a4 Ra2 51. Kb6 Kd6 52. a5 Rb2+ 53. Ka6 Kc6 54. Rc4+ Kd5 55. Rc7 Kd6 56. Rb7 Rc2 57. Kb6 Rb2+ 58. Ka7 Ra2 59. a6 Kc6 60. Rb6+ Kc7 61. Rb1 Rc2 62. Rb7+ Kc8 63. Rb8+ Kc7 64. Ka8 Ra2 65. a7 Rc2 66. Rb7+ Kc8 1/2-1/2

[Event "World Youth U-16 Olympiad 2018"]
[Site "Konya"]
[Date "2018.11.27"]
[Round "4"]
[White "Di, Xu Wei"]
[Black "Benrekia, Yacine"]
[Result "1-0"]
[WhiteElo "1947"]
[BlackElo "1689"]
[Annotator "NA"]
[PlyCount "73"]
[EventDate "2018.11.25"]
[EventType "team-tourn"]
[EventCountry "TUR"]
[SourceTitle "playchess.com"]
[Source "ChessBase"]
[SourceQuality "1"]
[WhiteTeam "Malaysia"]
[BlackTeam "Algeria"]
[WhiteTeamCountry "MAS"]
[BlackTeamCountry "ALG"]

1. e4 c5 2. Nf3 Nc6 3. d4 cxd4 4. Nxd4 Nf6 5. Nc3 e5 6. Ndb5 d6 7. Nd5 Nxd5 8. exd5 Nb8 9. Be2 Be7 10. O-O O-O 11. Be3 a6 12. Nc3 b5 13. a4 bxa4 14. Rxa4 f5 15. f4 Nd7 16. fxe5 Nxe5 17. Qd2 Bd7 18. Rxa6 Rxa6 19. Bxa6 f4 20. Bd4 f3 21. Bxe5 dxe5 22. Bc4 Bc5+ 23. Kh1 fxg2+ 24. Qxg2 Rxf1+ 25. Qxf1 h6 26. Ne4 Ba7 27. b4 Qh4 28. Ng3 Bh3 29. d6+ Kh7 30. Qd3+ Kh8 31. Qd5 Qd8 32. Qxe5 Bg4 33. Qe4 Qf8 34. Qxg4 Qe8 35. Qe6 Qa8+ 36. Bd5 Bd4 37. Bxa8 1-0

[Event "World Youth U-16 Olympiad 2018"]
[Site "Konya"]
[Date "2018.11.27"]
[Round "4"]
[White "Kuhar, Larisa"]
[Black "Katkov, Michelle"]
[Result "0-1"]
[WhiteElo "1916"]
[BlackElo "1847"]
[Annotator "NA"]
[PlyCount "145"]
[EventDate "2018.11.25"]
[EventType "team-tourn"]
[EventCountry "TUR"]
[SourceTitle "playchess.com"]
[Source "ChessBase"]
[SourceQuality "1"]
[WhiteTeam "Slovenia"]
[BlackTeam "Israel"]
[WhiteTeamCountry "SLO"]
[BlackTeamCountry "ISR"]

1. e4 e5 2. Nf3 Nc6 3. Bb5 a6 4. Bxc6 dxc6 5. O-O Qd6 6. d4 exd4 7. Nxd4 c5 8. Nb3 Be6 9. Be3 b6 10. Nc3 O-O-O 11. Qe2 c4 12. Nd4 Nh6 13. f3 Qd7 14. Rfd1 Bc5 15. Nf5 Qc6 16. Nxg7 Bd7 17. Nh5 f5 18. Kh1 fxe4 19. Nxe4 Bxe3 20. Qxe3 Nf5 21. Qc3 Qg6 22. Nf4 Qh6 23. Nd5 Bc6 24. Qxc4 Kb7 25. Qb3 Rhg8 26. Nxb6 Nd4 27. Rxd4 Rxd4 28. Qxg8 cxb6 29. Qf7+ Rd7 30. Qf6 Qe3 31. Qc3 Qe2 32. h3 Bxe4 33. fxe4 Qxe4 34. Re1 Qg6 35. Qf3+ Ka7 36. Qe4 Qd6 37. Qe5 Qd2 38. Re2 Qd1+ 39. Kh2 a5 40. Rf2 Rb7 41. c4 Qc1 42. b3 Qa3 43. Re2 Qf8 44. h4 Qh6 45. Kh3 Qc6 46. Qd5 Qc8+ 47. g4 Qf8 48. Kg3 Qf1 49. Qf3 Qg1+ 50. Qg2 Qd4 51. h5 Rg7 52. Qe4 Qg1+ 53. Kh4 Rf7 54. h6 Qc1 55. Kh5 Qf1 56. Rh2 Rc7 57. Qf5 Rc5 58. Qxc5 bxc5 59. Rd2 Qf7+ 60. Kh4 Qf6+ 61. Kg3 Qxh6 62. Rd5 Kb6 63. g5 Qg6 64. Kf4 h6 65. gxh6 Qxh6+ 66. Kf5 Kc6 67. Ke4 Qc1 68. Ke5 Qb2+ 69. Ke6 Qe2+ 70. Kf6 Qxa2 71. Rd3 Qf2+ 72. Kg5 Qf7 73. Re3 0-1

[Event "World Youth U-16 Olympiad 2018"]
[Site "Konya"]
[Date "2018.11.27"]
[Round "4"]
[White "Duran, Esma Doga"]
[Black "Kadyrkulov, Saiid"]
[Result "0-1"]
[WhiteElo "1908"]
[BlackElo "1325"]
[Annotator "NA"]
[PlyCount "88"]
[EventDate "2018.11.25"]
[EventType "team-tourn"]
[EventCountry "TUR"]
[SourceTitle "playchess.com"]
[Source "ChessBase"]
[SourceQuality "1"]
[WhiteTeam "Turkey"]
[BlackTeam "Kyrgyzstan"]
[WhiteTeamCountry "TUR"]
[BlackTeamCountry "KGZ"]

1. d4 Nf6 2. c4 g6 3. Nc3 Bg7 4. e4 d6 5. Nf3 O-O 6. Be2 Nbd7 7. O-O c5 8. d5 a6 9. a4 Qc7 10. h3 h6 11. Be3 b6 12. Ne1 e6 13. f4 exd5 14. cxd5 Re8 15. Qc2 Bb7 16. Bf2 Rac8 17. Nf3 Nh5 18. g3 Bd4 19. Kg2 Bxc3 20. bxc3 Nhf6 21. c4 Nxe4 22. Bd3 Ndf6 23. Qb2 Rb8 24. Be1 b5 25. Qa2 bxc4 26. Bxc4 Qd7 27. Rd1 Bc8 28. Ng1 Qf5 29. Rf3 h5 30. Bc3 Nxc3 31. Rxc3 Rb4 32. Qc2 Qxc2+ 33. Rxc2 Bf5 34. Rcc1 Rxa4 35. Nf3 Rb8 36. Nd2 Rb2 37. Kg1 Bxh3 38. Rb1 Rxd2 39. Rb8+ Kg7 40. Rxd2 Rxc4 41. Kh2 Bf5 42. Rb6 a5 43. Ra6 Ng4+ 44. Kg2 Be4+ 0-1